00928cam a2200217 a 450000500170000000800410001702000150005804000290007304100080010204400070011008200160011710000260013324501470015925000110030626001540031730000720047150400730054365000260061665000360064270000320067820170628020002.0990628s1998 ck a b f001 0 spa  a958902906X aDLCcDLCdDLCdCO-BoIAVH0 aspa ack00a577.6bR17l1 aRamírez G., Alberto10aLimnología colombiana :baportes a su conocimiento y estadísticas de análisis /cAlberto Ramírez González y Gerardo Viña Vizcaino. a1. ed. a[Bogotá] :bEditada bajo contrato con BP Exploration Company (Colombia) LTD. por la Fundación Universidad de Bogotá Jorge Tadeo Lozano,cc1998. axv, 293 páginas :bilustraciones (algunas a color) ;c31 x 24 cm. aIncluye referencias bibliográficas (páginas 281-290) e índice. 6aLimnologiazColombia. 6aLimnologiavEstudioszColombia.1 aViña Vizcaíno, Gerardo.